00480nam a2200145Ia 4500020001800000082002400018100001200042245005200054260004000106300001000146504003300156650004800189650004700237650005000284 a81-7022-190-0 a307.141609542 LAL-; aLal, H. 0aCity and urban fringe: a case study of Bareilly aNew DelhibConcept Publishingc1987 a165p. aIncludes bibliography, index aSociology, Urban - Bareilly (Uttar Pradesh) aUrban geography - Bareilly (Uttar Pradesh) aCity and town life - Bareilly (Uttar Pradesh)